000 00851nam a22002057a 4500
999 _c11492
_d11492
003 AR-CdUCM
008 190404b ||||| |||| 00| 0 spa d
040 _aMUNICIPALIDAD PROVINCIAL DEL CUSCO
_cBIBLIOTECA MUNICIPAL DEL CUSCO
082 _a741.5 /
_bL32 / 1948.
100 _aLazarte C., Alfonso
_928889
245 _aEl hombre y sus semejanzas remotas /
260 _a[Huancayo] :
_bEmpresa Edit. Huancayo,
_c1948.
300 _a120 páginas ;
_c22 cm.
505 _aContenido : Introducción -- El totemismo y la semejanza ancestral -- Las características dominantes especificas y la herencia -- El inconsciente zoomorfico y la figura ancestral -- Ensayos humorísticos de psicología comparada ...
650 _aCaricaturas
_913471
650 _aDibujos
_92628
650 _aHumorístico
_928890
942 _2ddc
_cLIBROS
945 _arah